000 00500nam a2200181Ia 4500
003 OSt
005 20260202095946.0
008 210210b1946 xxu||||| |||| 00| 0 eng d
040 _cAL
041 _aKannada
082 _a853/100
100 _aKAILASAM (T P)
_9160851
_dಕೈಲಾಸಂ (ಟಿ ಪಿ)
245 _aAnukulakkobbanna
_bಅನುಕೂಲಕ್ಕೊಬ್ಬಣ್ಣ
260 _aBengaluru
_b-
_c1946
690 _aKannada Drama
_9160852
906 _a019372
942 _2ddc
_cBK
999 _c143492
_d143492